[Event "Champions Showdown (blitz) 2019"]
[Site "Saint Louis USA"]
[Date "2019.02.24"]
[Round "21"]
[White "Duda, Jan-Krzysztof"]
[Black "Nakamura, Hikaru"]
[Result "1-0"]
[WhiteElo "2731"]
[BlackElo "2749"]
[PlyCount "149"]
[EventDate "2019.02.23"]

1. e4 e5 2. Nf3 Nc6 3. Bc4 Bc5 4. c3 Nf6 5. d3 d6 6. O-O O-O 7. Nbd2 a5 8. h3
Be6 9. Re1 Bxc4 10. Nxc4 h6 11. Be3 Bxe3 12. Nxe3 Re8 13. Qb3 Qd7 14. Rad1 a4
15. Qc2 b5 16. Nh2 b4 17. Nhg4 Nxg4 18. hxg4 a3 19. b3 bxc3 20. Qxc3 Nd4 21.
Nf5 c5 22. Re3 h5 23. gxh5 Nxf5 24. exf5 Qxf5 25. Rh3 Rab8 26. Qc1 Rb4 27. Qxa3
Rg4 28. Re1 Rg5 29. Ree3 Rxh5 30. Ref3 Qg6 31. Qa7 Rxh3 32. Rxh3 f5 33. a4 e4
34. dxe4 Rxe4 35. Qa8+ Kf7 36. Qb7+ Re7 37. Qd5+ Qe6 38. Qf3 Qe1+ 39. Kh2 Qe5+
40. g3 Qe4 41. Qh5+ Kg8 42. Rh4 Qc2 43. Qh7+ Kf7 44. Rf4 Re5 45. a5 Qd3 46.
Qh5+ Kg8 47. Qg6 Qa6 48. b4 c4 49. Rxf5 Rxf5 50. Qxf5 c3 51. Qe6+ Kh8 52. Qe8+
Kh7 53. Qh5+ Kg8 54. Qd5+ Kh8 55. Qh5+ Kg8 56. Qe8+ Kh7 57. Qe3 Qc4 58. a6 c2
59. a7 c1=Q 60. Qxc1 Qxc1 61. a8=Q Qc2 62. Qf3 Qc4 63. Qh5+ Kg8 64. Qe8+ Kh7
65. b5 Qc5 66. Kg1 d5 67. Qc6 Qd4 68. b6 Qd1+ 69. Kg2 Qb1 70. Qe6 d4 71. Qh3+
Kg8 72. Qc8+ Kh7 73. b7 Qe4+ 74. Kh2 Qf3 75. Qh3+ 1-0

[Event "Champions Showdown (blitz) 2019"]
[Site "Saint Louis USA"]
[Date "2019.02.24"]
[Round "21"]
[White "Navara, David"]
[Black "So, Wesley"]
[Result "1-0"]
[WhiteElo "2738"]
[BlackElo "2765"]
[PlyCount "77"]
[EventDate "2019.02.23"]

1. e4 e5 2. Nf3 Nc6 3. Bc4 Nf6 4. d3 Bc5 5. c3 O-O 6. a4 d5 7. exd5 Nxd5 8. O-O
a5 9. Re1 Bg4 10. Nbd2 Nb6 11. Bb5 Bd6 12. h3 Bh5 13. Ne4 Na7 14. d4 Nxb5 15.
axb5 exd4 16. Nxd6 Qxd6 17. Qxd4 Qxd4 18. Nxd4 Rfc8 19. Nf5 Rd8 20. Bf4 Nd5 21.
Ne7+ Kf8 22. Nxd5 Rxd5 23. c4 Rd7 24. Re5 Bd1 25. Rc5 b6 26. Rxc7 Rxc7 27. Bxc7
Bb3 28. c5 bxc5 29. b6 Bd5 30. Rd1 Bc6 31. Re1 f6 32. Bd6+ Kg8 33. Re7 Rd8 34.
Bg3 Kf8 35. Ra7 Rd1+ 36. Kh2 Rb1 37. b7 Bxb7 38. Rxb7 c4 39. Bd6+ 1-0

[Event "Champions Showdown (blitz) 2019"]
[Site "Saint Louis USA"]
[Date "2019.02.24"]
[Round "21"]
[White "Topalov, Veselin"]
[Black "Dominguez Perez, Leinier"]
[Result "0-1"]
[WhiteElo "2740"]
[BlackElo "2739"]
[PlyCount "148"]
[EventDate "2019.02.23"]

1. Nf3 g6 2. d4 Nf6 3. g3 Bg7 4. Bg2 c5 5. O-O cxd4 6. Nxd4 O-O 7. c4 Nc6 8.
Nc3 Qa5 9. e3 d6 10. Nxc6 bxc6 11. Bd2 Qc7 12. Rc1 a5 13. b3 Nd7 14. e4 Ne5 15.
Rc2 Nd3 16. Qe2 Nc5 17. Be3 Be6 18. f4 Na6 19. Rfc1 Nb4 20. Rd2 Bd7 21. h3 Rab8
22. Kh2 c5 23. a3 Bxc3 24. Rxc3 Nc6 25. Qd1 Be6 26. g4 f6 27. a4 Bf7 28. h4 Rb6
29. g5 fxg5 30. hxg5 Be6 31. Rcd3 Nd4 32. Rxd4 cxd4 33. Rxd4 Qb8 34. Rd3 Rb4
35. Bd2 Qb6 36. Bxb4 Qxb4 37. Qf3 Qe1 38. Qg3 Qc1 39. Re3 Qd2 40. e5 Bf5 41.
exd6 Qxd6 42. Bd5+ e6 43. Bg2 Qd2 44. Qe1 Qb2 45. Qc3 Qf2 46. Qe5 Rd8 47. Re2
Qh4+ 48. Kg1 Rd1+ 49. Bf1 Qg3+ 50. Rg2 Qf3 51. Qb8+ Kf7 52. Qa7+ Kf8 53. Qc5+
Ke8 54. Qc8+ Rd8 55. Qc5 Qxf4 56. Qf2 Qc1 57. c5 Rd1 58. Rg3 Rd2 59. Qe3 Rc2
60. Qxc1 Rxc1 61. b4 axb4 62. Rb3 Rxc5 63. Rxb4 Rc1 64. Kf2 Ra1 65. Rb8+ Ke7
66. Rb7+ Kd6 67. Bb5 Ke5 68. Rxh7 Kf4 69. Re7 Ra2+ 70. Ke1 Ke3 71. Kf1 Be4 72.
Kg1 Ra1+ 73. Kh2 Kf2 74. Rf7+ Bf3 0-1

[Event "Champions Showdown (blitz) 2019"]
[Site "Saint Louis USA"]
[Date "2019.02.24"]
[Round "21"]
[White "Rapport, Richard"]
[Black "Shankland, Samuel"]
[Result "1-0"]
[WhiteElo "2735"]
[BlackElo "2731"]
[PlyCount "107"]
[EventDate "2019.02.23"]

1. Nc3 c5 2. Nf3 d5 3. d4 e6 4. e4 Nf6 5. exd5 Nxd5 6. Nxd5 Qxd5 7. Be3 cxd4 8.
Qxd4 Qxd4 9. Nxd4 a6 10. O-O-O Be7 11. Be2 O-O 12. Rhe1 Nd7 13. f4 Nf6 14. Bf3
Rd8 15. g4 Nd5 16. Nf5 exf5 17. Bxd5 fxg4 18. Bb6 Re8 19. Bc5 Be6 20. Bxe7 Rxe7
21. f5 Bxd5 22. Rxe7 Bc6 23. Rd4 h5 24. Kd2 Kf8 25. Re5 f6 26. Re6 Kf7 27. Ke3
Rf8 28. Rdd6 Kg8 29. Kf4 Kh7 30. c4 Kh6 31. b4 Rc8 32. Re7 Bf3 33. c5 Bc6 34.
Re2 Rf8 35. Red2 Re8 36. Re6 Ra8 37. Re7 Rc8 38. a4 g5+ 39. fxg6 Kxg6 40. Rb2
Rd8 41. b5 axb5 42. axb5 Bh1 43. c6 bxc6 44. b6 Rd3 45. Re3 Rd4+ 46. Kg3 Rd8
47. Ra3 c5 48. Rc3 Kg5 49. Rxc5+ f5 50. h4+ gxh3 51. Kxh3 Rd3+ 52. Kh2 Be4 53.
b7 Rd1 54. b8=Q 1-0

[Event "Champions Showdown (blitz) 2019"]
[Site "Saint Louis USA"]
[Date "2019.02.24"]
[Round "22"]
[White "Nakamura, Hikaru"]
[Black "Duda, Jan-Krzysztof"]
[Result "1-0"]
[WhiteElo "2749"]
[BlackElo "2731"]
[PlyCount "65"]
[EventDate "2019.02.23"]

1. Nf3 d5 2. d4 Nf6 3. c4 c6 4. e3 e6 5. Bd3 Nbd7 6. O-O Bd6 7. Nc3 dxc4 8.
Bxc4 b5 9. Bb3 b4 10. Na4 c5 11. dxc5 Nxc5 12. Nxc5 Bxc5 13. Ba4+ Ke7 14. Ne5
Bb7 15. a3 Qd5 16. Qxd5 Nxd5 17. Nd3 Bd6 18. e4 Nb6 19. e5 Nxa4 20. exd6+ Kxd6
21. axb4 Nb6 22. Be3 f6 23. Bc5+ Kd7 24. Ra5 Nc4 25. Raa1 a6 26. b3 Nd6 27.
Rfd1 Bd5 28. Nf4 Kc6 29. Nxe6 Nb5 30. Nxg7 Rhg8 31. Rac1 Bxg2 32. Be3+ Kb7 33.
Rd7+ 1-0

[Event "Champions Showdown (blitz) 2019"]
[Site "Saint Louis USA"]
[Date "2019.02.24"]
[Round "22"]
[White "So, Wesley"]
[Black "Navara, David"]
[Result "0-1"]
[WhiteElo "2765"]
[BlackElo "2738"]
[PlyCount "68"]
[EventDate "2019.02.23"]

1. Nf3 Nf6 2. c4 c5 3. Nc3 Nc6 4. d4 cxd4 5. Nxd4 e6 6. g3 Qb6 7. Nb3 Ne5 8. e4
Bb4 9. c5 Qc6 10. f3 b6 11. Bf4 Ng6 12. Bd6 bxc5 13. a3 Bxc3+ 14. bxc3 a5 15.
e5 Ne4 16. fxe4 Qxe4+ 17. Qe2 Qxh1 18. Nxc5 Bb7 19. Nxb7 Qxb7 20. Bg2 Qb3 21.
Qd3 Qb2 22. Bxa8 Qxa1+ 23. Ke2 Qb2+ 24. Kf3 f6 25. exf6 gxf6 26. Be4 Ne5+ 27.
Bxe5 fxe5 28. Bxh7 Rf8+ 29. Kg4 Qxh2 30. Qg6+ Ke7 31. Qg7+ Rf7 32. Qg5+ Kd6 33.
Bd3 Qh1 34. Qe3 Rg7+ 0-1

[Event "Champions Showdown (blitz) 2019"]
[Site "Saint Louis USA"]
[Date "2019.02.24"]
[Round "22"]
[White "Dominguez Perez, Leinier"]
[Black "Topalov, Veselin"]
[Result "1/2-1/2"]
[WhiteElo "2739"]
[BlackElo "2740"]
[PlyCount "99"]
[EventDate "2019.02.23"]

1. e4 e5 2. Nf3 Nc6 3. Bb5 Nf6 4. d3 Bc5 5. Nbd2 d6 6. c3 O-O 7. O-O a6 8. Ba4
Ne7 9. d4 exd4 10. cxd4 Ba7 11. Re1 Bg4 12. h3 Bh5 13. Bc2 Nc6 14. g4 Bg6 15.
d5 Nb8 16. b3 c6 17. Bb2 cxd5 18. exd5 Bxc2 19. Qxc2 Nbd7 20. Qf5 Rc8 21. Nc4
Rc5 22. Rad1 Bb8 23. Ba3 b5 24. Bxc5 Nxc5 25. Ncd2 g6 26. Qg5 Bc7 27. Re3 Bb6
28. Nd4 Ncd7 29. N2f3 Qa8 30. Re7 Bd8 31. Ree1 Nxd5 32. Qh6 Bf6 33. Ng5 Bxg5
34. Qxg5 Ne5 35. Qh4 Rc8 36. Rc1 Rxc1 37. Rxc1 Nf4 38. Qg3 Qe4 39. Rd1 Ned3 40.
Kh2 Qxd4 41. Qe3 Qd5 42. f3 Kg7 43. Kg3 g5 44. Rd2 Qc5 45. Rxd3 Nxd3 46. Qxd3
Qe5+ 47. Kg2 Qb2+ 48. Kg3 Qe5+ 49. Kg2 Qb2+ 50. Kg3 1/2-1/2

[Event "Champions Showdown (blitz) 2019"]
[Site "Saint Louis USA"]
[Date "2019.02.24"]
[Round "22"]
[White "Shankland, Samuel"]
[Black "Rapport, Richard"]
[Result "1/2-1/2"]
[WhiteElo "2731"]
[BlackElo "2735"]
[PlyCount "109"]
[EventDate "2019.02.23"]

1. Nf3 Nf6 2. g3 g6 3. Bg2 Bg7 4. O-O O-O 5. c4 c6 6. b3 d6 7. Bb2 Qa5 8. h3 e5
9. d3 Re8 10. e4 Na6 11. Nc3 Nc5 12. a3 Qb6 13. b4 Ne6 14. Rb1 a5 15. c5 Qd8
16. Na4 axb4 17. axb4 dxc5 18. bxc5 Nd7 19. Qc2 Ra5 20. Bc3 Rb5 21. Bd2 Qe7 22.
Be3 Ra5 23. Rfc1 f5 24. Bd2 Rb5 25. Rxb5 cxb5 26. Nc3 Qxc5 27. Qb3 Kh8 28. Nxb5
Qb6 29. Be3 Ndc5 30. Qc4 Bd7 31. Nc3 Rc8 32. exf5 gxf5 33. Qh4 f4 34. Bxc5 Rxc5
35. Rb1 Qd8 36. Ne4 Qxh4 37. Nxh4 Rb5 38. Ra1 h6 39. Nd6 Rb6 40. Ra8+ Bf8 41.
Ng6+ Kg7 42. Nxf8 Rxd6 43. Nxe6+ Bxe6 44. Ra7 Bc8 45. Ra5 fxg3 46. fxg3 Rxd3
47. Rxe5 Rxg3 48. Kh2 Rc3 49. Bxb7 Kf6 50. Rb5 Rxh3+ 51. Kg2 Bd7 52. Rd5 Be6
53. Rd6 Rc3 54. Bd5 Ke5 55. Rxe6+ 1/2-1/2

[Event "Champions Showdown (blitz) 2019"]
[Site "Saint Louis USA"]
[Date "2019.02.24"]
[Round "23"]
[White "Harikrishna, Pentala"]
[Black "Caruana, Fabiano"]
[Result "0-1"]
[WhiteElo "2726"]
[BlackElo "2828"]
[PlyCount "70"]
[EventDate "2019.02.23"]

1. e4 c5 2. Nf3 d6 3. d4 cxd4 4. Nxd4 Nf6 5. Nc3 a6 6. Nb3 e6 7. g4 Nc6 8. g5
Nd7 9. h4 b5 10. a3 Bb7 11. Rh3 Qc7 12. h5 Nce5 13. f4 Nc4 14. Bxc4 bxc4 15.
Nd4 O-O-O 16. Qe2 Nc5 17. b4 cxb3 18. cxb3 e5 19. Nf5 Kb8 20. Rb1 g6 21. hxg6
fxg6 22. Ne3 Nxe4 23. Ned5 Qd7 24. Rd3 Nxc3 25. Nxc3 Bg7 26. Kd1 Rhe8 27. Qd2
e4 28. Rd4 e3 29. Qd3 Bxd4 30. Qxd4 e2+ 31. Ke1 Qh3 32. Nxe2 Re4 33. Qb6 Rde8
34. Qxd6+ Ka8 35. Rb2 Qh1+ 0-1

[Event "Champions Showdown (blitz) 2019"]
[Site "Saint Louis USA"]
[Date "2019.02.24"]
[Round "23"]
[White "Duda, Jan-Krzysztof"]
[Black "Nakamura, Hikaru"]
[Result "1-0"]
[WhiteElo "2731"]
[BlackElo "2749"]
[PlyCount "83"]
[EventDate "2019.02.23"]

1. d4 Nf6 2. Bg5 c5 3. Bxf6 gxf6 4. d5 Qb6 5. Qc1 f5 6. c4 Bg7 7. Nc3 d6 8. e3
Nd7 9. Nf3 e5 10. Nh4 Nf8 11. g3 Ng6 12. Ng2 e4 13. Be2 Qa5 14. O-O Bxc3 15.
bxc3 Ne5 16. a4 Bd7 17. Nf4 O-O-O 18. Nh5 Kb8 19. Qc2 Bc8 20. Rfb1 Qc7 21. a5
Qe7 22. h3 Rhg8 23. Kh2 Rg6 24. Ra2 Rh6 25. Nf4 Rg8 26. Qd1 Ng6 27. Nh5 f4 28.
exf4 Nh4 29. Rab2 e3 30. Rxb7+ Bxb7 31. a6 Ka8 32. Rxb7 Qe4 33. f3 Qe8 34. Qb1
Qc8 35. g4 Rxh5 36. Bd1 e2 37. Bxe2 Rf5 38. Kg3 Rf6 39. Bd1 Nf5+ 40. Kf2 Ne7
41. Ba4 Re8 42. Bxe8 1-0

[Event "Champions Showdown (blitz) 2019"]
[Site "Saint Louis USA"]
[Date "2019.02.24"]
[Round "23"]
[White "Navara, David"]
[Black "So, Wesley"]
[Result "0-1"]
[WhiteElo "2738"]
[BlackElo "2765"]
[PlyCount "134"]
[EventDate "2019.02.23"]

1. e4 e5 2. Nf3 Nc6 3. Bc4 Nf6 4. d3 Bc5 5. c3 O-O 6. a4 h6 7. b4 Be7 8. O-O d6
9. h3 Nb8 10. Re1 c6 11. Bb3 Nbd7 12. Nbd2 Re8 13. d4 Bf8 14. Bb2 g6 15. a5 Bg7
16. Nc4 Qe7 17. dxe5 Nxe5 18. Nfxe5 dxe5 19. Nd6 Rd8 20. Nxc8 Raxc8 21. Qf3 c5
22. Red1 Rxd1+ 23. Rxd1 c4 24. Ba2 b5 25. axb6 axb6 26. Bc1 b5 27. Bb1 Rd8 28.
Be3 Rxd1+ 29. Qxd1 Qd7 30. Qe2 h5 31. Bc2 Kh7 32. Qf3 Qe6 33. Bg5 Ne8 34. Qd1
Bh6 35. Bd8 f6 36. Kf1 Kg7 37. Ke2 Qd6 38. Qxd6 Nxd6 39. Bc7 Ne8 40. Bb6 Kf7
41. Bc5 h4 42. g3 Nc7 43. Bd1 Ne6 44. Bb6 Ng5 45. Be3 Kg7 46. Bxg5 Bxg5 47. g4
Kh6 48. Bc2 Bf4 49. Bd1 Kg5 50. Bc2 Bc1 51. Bd1 Kf4 52. Bc2 Bb2 53. Kd2 Kf3 54.
g5 fxg5 55. Bd1+ Kxf2 56. Kc2 Ba1 57. Bg4 Kg3 58. Bf5 gxf5 59. exf5 g4 60. f6
gxh3 61. f7 h2 62. f8=Q h1=Q 63. Qg7+ Kh3 64. Qd7+ Kh2 65. Qf5 Qg2+ 66. Kd1
Bxc3 67. Qd7 Qd2+ 0-1

[Event "Champions Showdown (blitz) 2019"]
[Site "Saint Louis USA"]
[Date "2019.02.24"]
[Round "23"]
[White "Rapport, Richard"]
[Black "Shankland, Samuel"]
[Result "0-1"]
[WhiteElo "2735"]
[BlackElo "2731"]
[PlyCount "88"]
[EventDate "2019.02.23"]

1. e4 c5 2. Qh5 Nf6 3. Qh4 d6 4. Nf3 e6 5. Bb5+ Bd7 6. a4 Be7 7. d3 Nc6 8. O-O
h6 9. Qg3 Nh5 10. Qh3 e5 11. Bxc6 bxc6 12. Qxh5 g6 13. Qxh6 Rxh6 14. Bxh6 f6
15. Be3 Kf7 16. Na3 Bg4 17. Nd2 g5 18. h3 Be6 19. g4 d5 20. f3 c4 21. dxc4 d4
22. Bf2 Qa5 23. Rfd1 Rb8 24. Nb3 Qxa4 25. Kg2 Bxc4 26. Nd2 Be2 27. Re1 Bb5 28.
Nxb5 Qxb5 29. b3 a5 30. Nc4 Ra8 31. Ra4 d3 32. cxd3 Qxb3 33. Rxa5 Rxa5 34. Nxa5
Qc3 35. Nc4 Qxd3 36. Ne3 Bc5 37. Nf1 Qc2 38. Ne3 Qa2 39. Kg3 Bd4 40. Rf1 c5 41.
Nd5 Qe2 42. Kg2 c4 43. Nb4 c3 44. Na2 Qxa2 0-1

[Event "Champions Showdown (blitz) 2019"]
[Site "Saint Louis USA"]
[Date "2019.02.24"]
[Round "24"]
[White "Caruana, Fabiano"]
[Black "Harikrishna, Pentala"]
[Result "0-1"]
[WhiteElo "2828"]
[BlackElo "2726"]
[PlyCount "64"]
[EventDate "2019.02.23"]

1. b3 b6 2. Bb2 Bb7 3. Nf3 Nf6 4. d3 e6 5. e4 c5 6. Nbd2 d5 7. e5 Nfd7 8. d4
cxd4 9. Nxd4 Be7 10. f4 O-O 11. Qh5 g6 12. Qh6 Nc6 13. Nxc6 Bxc6 14. O-O-O a5
15. Nf3 a4 16. h4 Re8 17. Ng5 Nf8 18. Bd3 axb3 19. axb3 Bxg5 20. hxg5 Qd7 21.
Bc3 Qe7 22. Rh4 Qc5 23. Bb2 Ra2 24. f5 Qe3+ 25. Kb1 Rxb2+ 26. Kxb2 Qxe5+ 27. c3
exf5 28. Rhh1 d4 29. c4 Qa5 30. Rc1 Qd2+ 31. Bc2 Qc3+ 32. Kb1 Ra8 0-1

[Event "Champions Showdown (blitz) 2019"]
[Site "Saint Louis USA"]
[Date "2019.02.24"]
[Round "24"]
[White "Nakamura, Hikaru"]
[Black "Duda, Jan-Krzysztof"]
[Result "0-1"]
[WhiteElo "2749"]
[BlackElo "2731"]
[PlyCount "142"]
[EventDate "2019.02.23"]

1. Nf3 Nf6 2. d4 e6 3. c4 b6 4. g3 Ba6 5. b3 c6 6. Bg2 d5 7. Qc2 Be7 8. O-O
Nbd7 9. Rd1 Rc8 10. Bf4 O-O 11. Nc3 dxc4 12. e4 b5 13. bxc4 bxc4 14. d5 cxd5
15. exd5 Nxd5 16. Nxd5 exd5 17. Rxd5 Bb7 18. Rdd1 Bf6 19. Ng5 Bxg5 20. Bxb7
Bxf4 21. Bxc8 Qxc8 22. gxf4 Nc5 23. Qe2 Nd3 24. Qf3 Qf5 25. Rab1 g6 26. Rb7 Rc8
27. Kg2 Nxf4+ 28. Kh1 c3 29. Rb3 c2 30. Rc1 Rc4 31. Re3 Kg7 32. Rc3 Rb4 33. Rb3
Rd4 34. Rc3 Rd2 35. Re3 Nd3 36. Qxf5 gxf5 37. Rxd3 Rxd3 38. Rxc2 Ra3 39. Kg2
Kg6 40. Rc6+ f6 41. Rc2 f4 42. f3 Kg5 43. Rc5+ Kg6 44. Rc2 a5 45. Rb2 a4 46.
Rc2 Kg5 47. Rc5+ f5 48. Rc2 Rd3 49. Rc7 Rd2+ 50. Kh3 h6 51. Rc4 Rxa2 52. Rb4 a3
53. Ra4 Kf6 54. Ra5 Ke6 55. Ra6+ Ke5 56. Ra4 Ke6 57. Ra5 Kf6 58. Ra7 Ke5 59.
Ra4 Kd5 60. Rxf4 Rc2 61. Rxf5+ Kc4 62. Ra5 a2 63. f4 Kb4 64. Ra8 Rc3+ 65. Kg4
Ra3 66. Rb8+ Ka4 67. Ra8+ Kb3 68. Rb8+ Kc2 69. Rc8+ Kd2 70. Rd8+ Ke2 71. Re8+
Kf2 0-1

[Event "Champions Showdown (blitz) 2019"]
[Site "Saint Louis USA"]
[Date "2019.02.24"]
[Round "24"]
[White "So, Wesley"]
[Black "Navara, David"]
[Result "1-0"]
[WhiteElo "2765"]
[BlackElo "2738"]
[PlyCount "107"]
[EventDate "2019.02.23"]

1. Nf3 d5 2. b3 Bg4 3. Bb2 Nf6 4. h3 Bxf3 5. exf3 e6 6. g3 c5 7. Bg2 Nc6 8. f4
Bd6 9. O-O O-O 10. Re1 Re8 11. c4 d4 12. d3 Qd7 13. Qf3 a5 14. a4 Re7 15. Nd2
Rae8 16. Ba3 Qc7 17. Rad1 g6 18. h4 Rd7 19. Bh3 Bf8 20. Re2 Nb4 21. Nf1 Qc6 22.
Nh2 Qxf3 23. Nxf3 Nc6 24. Rde1 b6 25. f5 gxf5 26. Bxf5 Nb4 27. Ne5 Rc7 28. Bh3
Bd6 29. Rd1 Kg7 30. Bc1 Na2 31. Rxa2 Bxe5 32. Re2 Bd6 33. Rde1 h6 34. g4 Nd7
35. Kg2 Nf8 36. h5 Nh7 37. f4 Rce7 38. g5 f5 39. Kf3 Kh8 40. Bd2 Kg7 41. Rg2
Kh8 42. gxh6 Rg8 43. Rg6 Nf8 44. Rf6 Kh7 45. Bxf5+ exf5 46. Rxd6 Rxe1 47. Bxe1
Rg1 48. Bh4 Rh1 49. Be7 Rh3+ 50. Kf2 Rxd3 51. Bxf8 Rxb3 52. Rd7+ Kg8 53. h7+
Kh8 54. Bd6 1-0

[Event "Champions Showdown (blitz) 2019"]
[Site "Saint Louis USA"]
[Date "2019.02.24"]
[Round "24"]
[White "Dominguez Perez, Leinier"]
[Black "Topalov, Veselin"]
[Result "1/2-1/2"]
[WhiteElo "2739"]
[BlackElo "2740"]
[PlyCount "213"]
[EventDate "2019.02.23"]

1. e4 c5 2. Nc3 d6 3. d4 cxd4 4. Qxd4 Nc6 5. Qd2 g6 6. b3 Bh6 7. f4 e5 8. Nb5
Bxf4 9. Qxd6 Qxd6 10. Nxd6+ Kf8 11. Ba3 Nge7 12. Nf3 Kg7 13. g3 Be3 14. Nc4 Bh6
15. Ncxe5 Re8 16. Bb2 f6 17. Nc4 Nf5 18. Bd3 b5 19. Ncd2 Nd6 20. O-O a6 21.
Rfe1 Nf7 22. a4 Rb8 23. axb5 axb5 24. Nf1 Nfe5 25. Nxe5 Nxe5 26. Bxe5 Rxe5 27.
Kf2 Rb7 28. Ne3 Rbe7 29. Nd5 Rf7 30. Ne3 Bb7 31. Ng4 Rh5 32. Nxh6 Rxh2+ 33. Kg1
Rxh6 34. Bxb5 Rh5 35. Bd3 f5 36. exf5 gxf5 37. Bc4 Rd7 38. Bd3 Kf6 39. Ra5 Rg7
40. Kf2 Rh2+ 41. Ke3 Re7+ 42. Kd4 Rxe1 43. Rxf5+ Kg7 44. Rg5+ Kf6 45. Rf5+ Ke7
46. Ra5 Kd6 47. Ra7 Re7 48. b4 Rg2 49. c4 Rxg3 50. c5+ Kc7 51. Bb5 Rg4+ 52. Kc3
Kb8 53. Ra1 Re3+ 54. Kd2 Rxb4 55. Kxe3 Rxb5 56. Rc1 Kc7 57. Rc2 Bc8 58. Kf4 Bd7
59. Rh2 Rb4+ 60. Ke5 Rc4 61. Rxh7 Rxc5+ 62. Kf4 Kd6 63. Rh6+ Be6 64. Rh8 Rc4+
65. Kg3 Ke5 66. Rf8 Rb4 67. Rf1 Bf5 68. Re1+ Be4 69. Re3 Kf5 70. Rc3 Ke5 71.
Re3 Ra4 72. Rc3 Kd4 73. Rb3 Bd5 74. Rb2 Ra3+ 75. Kf4 Rf3+ 76. Kg4 Be4 77. Rb4+
Ke5 78. Rb5+ Kd6 79. Rb6+ Kc5 80. Rb8 Rf7 81. Rd8 Bd5 82. Kg5 Kd4 83. Kg4 Ke5
84. Re8+ Be6+ 85. Kg3 Rf6 86. Rb8 Rg6+ 87. Kf2 Bd5 88. Rb4 Be4 89. Rb8 Rg2+ 90.
Ke3 Rg3+ 91. Kf2 Ra3 92. Rb2 Kf4 93. Rd2 Bd3 94. Ke1 Kf3 95. Rf2+ Ke4 96. Rb2
Kd4 97. Kd2 Bc4 98. Rc2 Rh3 99. Rb2 Bb3 100. Kc1 Rh1+ 101. Kd2 Kc4 102. Ke3 Kc3
103. Rg2 Bc2 104. Rg7 Re1+ 105. Kf4 Bd3 106. Rc7+ Bc4 107. Rd7 1/2-1/2

[Event "Champions Showdown (blitz) 2019"]
[Site "Saint Louis USA"]
[Date "2019.02.24"]
[Round "24"]
[White "Shankland, Samuel"]
[Black "Rapport, Richard"]
[Result "1/2-1/2"]
[WhiteElo "2731"]
[BlackElo "2735"]
[PlyCount "79"]
[EventDate "2019.02.23"]

1. Nf3 Nf6 2. g3 g6 3. b3 Bg7 4. Bb2 O-O 5. Bg2 c6 6. c4 d6 7. Nc3 e5 8. O-O
Re8 9. e4 Na6 10. d4 exd4 11. Nxd4 Nc5 12. Re1 a5 13. h3 Qb6 14. Rb1 Nfd7 15.
Re2 a4 16. Nxa4 Nxa4 17. bxa4 Qc7 18. Bc3 Nb6 19. Qb3 Nxa4 20. Ba1 Nc5 21. Qe3
Ra4 22. Rc2 Qe7 23. Re1 Bd7 24. Nb3 Bxa1 25. Nxc5 dxc5 26. Rxa1 Rea8 27. Rb1
Be6 28. Rcb2 R8a7 29. Qf4 Kg7 30. Qb8 Rxa2 31. Rxa2 Rxa2 32. Rxb7 Qf6 33. Qf4
Qxf4 34. gxf4 Bxc4 35. Rc7 Ra6 36. e5 Be6 37. Bxc6 Bxh3 38. Bd5 Be6 39. Bxe6
Rxe6 40. Rxc5 1/2-1/2

[Event "Aeroflot Open A 2019"]
[Site "Moscow RUS"]
[Date "2019.02.23"]
[Round "4"]
[White "Deac, Bogdan-Daniel"]
[Black "Fedoseev, Vladimir3"]
[Result "1/2-1/2"]
[WhiteElo "2603"]
[BlackElo "2715"]
[PlyCount "40"]
[EventDate "2019.02.20"]

1. e4 c5 2. Nf3 d6 3. d4 cxd4 4. Nxd4 Nf6 5. Nc3 a6 6. h4 e5 7. Nb3 Be7 8. Bg5
Nbd7 9. a4 b6 10. Bc4 Bb7 11. Qe2 h6 12. Bxf6 Nxf6 13. Rd1 Qc8 14. Nd2 h5 15.
Bb3 Qc5 16. Qc4 Qxc4 17. Nxc4 Nxe4 18. Nxe4 Bxe4 19. Nxd6+ Bxd6 20. Rxd6 Rd8
1/2-1/2

[Event "Aeroflot Open A 2019"]
[Site "Moscow RUS"]
[Date "2019.02.23"]
[Round "4"]
[White "Esipenko, Andrey"]
[Black "Wei, Yi"]
[Result "0-1"]
[WhiteElo "2603"]
[BlackElo "2733"]
[PlyCount "154"]
[EventDate "2019.02.20"]

1. d4 Nf6 2. c4 g6 3. Nc3 d5 4. Nf3 Bg7 5. cxd5 Nxd5 6. e4 Nxc3 7. bxc3 c5 8.
Rb1 O-O 9. Be2 Nc6 10. d5 Ne5 11. Nxe5 Bxe5 12. O-O Bxc3 13. Bh6 Bg7 14. Bxg7
Kxg7 15. Qc2 b6 16. Qc3+ f6 17. f4 e6 18. Rbd1 exd5 19. Rxd5 Qe7 20. e5 Bb7 21.
Rd6 Rad8 22. Rfd1 Rxd6 23. Rxd6 Bc8 24. Bc4 fxe5 25. fxe5 Rf5 26. Rc6 Bb7 27.
Rd6 Kh6 28. Qh3+ Rh5 29. Qe3+ Qg5 30. Qxg5+ Rxg5 31. e6 Re5 32. Rd7 Bc6 33. Rc7
Be8 34. Rc8 Ba4 35. Rc7 a6 36. e7 Bb5 37. Bxb5 axb5 38. a3 Kg5 39. Rb7 Kf4 40.
Rxb6 Rxe7 41. Rxb5 Rc7 42. Kf2 Ke4 43. Ke2 Kd4 44. Rb3 c4 45. Rh3 Rb7 46. Kd1
c3 47. Kc2 Rb2+ 48. Kc1 Rxg2 49. Rxh7 g5 50. a4 g4 51. a5 Ra2 52. Rg7 Kd3 53.
Rd7+ Ke3 54. Rg7 Kf3 55. Rf7+ Kg2 56. Rg7 Ra4 57. a6 Kxh2 58. a7 g3 59. Kc2 g2
60. Kb3 Ra1 61. Rh7+ Kg3 62. Rg7+ Kf3 63. Rf7+ Ke4 64. Re7+ Kf5 65. Rg7 c2 66.
Kxc2 Rxa7 67. Rxa7 g1=Q 68. Rd7 Qc5+ 69. Kd1 Ke4 70. Rd2 Qc4 71. Rh2 Qf1+ 72.
Kc2 Ke3 73. Rh6 Qf4 74. Rh3+ Ke2 75. Rc3 Qa4+ 76. Rb3 Qc4+ 77. Kb2 Kd2 0-1

[Event "Aeroflot Open A 2019"]
[Site "Moscow RUS"]
[Date "2019.02.23"]
[Round "4"]
[White "Wang, Hao"]
[Black "Lupulescu, Constantin"]
[Result "1/2-1/2"]
[WhiteElo "2714"]
[BlackElo "2610"]
[PlyCount "81"]
[EventDate "2019.02.20"]

1. e4 e6 2. d4 d5 3. Nc3 Nf6 4. Bg5 dxe4 5. Nxe4 Nbd7 6. Nf3 h6 7. Nxf6+ Nxf6
8. Bh4 c5 9. Bd3 cxd4 10. O-O Be7 11. Nxd4 O-O 12. c3 Qb6 13. Qe2 Bd7 14. Rad1
Rfd8 15. Bb1 Nd5 16. Bxe7 Nxe7 17. Rd3 Nc6 18. Nb3 Be8 19. Rg3 Rd5 20. Qg4 g6
21. Qf4 Rh5 22. Re1 Qd8 23. h3 Qe7 24. Be4 Rd8 25. Rge3 Kg7 26. g4 Rb5 27. Bg2
Rb6 28. Qc4 Nb8 29. Qe2 Rbd6 30. Nd4 Nc6 31. Bxc6 Bxc6 32. Re5 Qf6 33. Qe3 Rd5
34. f4 g5 35. f5 Rxe5 36. Qxe5 Qxe5 37. Rxe5 Kf6 38. Ra5 e5 39. Nxc6 bxc6 40.
Rxa7 Rd2 41. Ra4 1/2-1/2

[Event "Aeroflot Open A 2019"]
[Site "Moscow RUS"]
[Date "2019.02.23"]
[Round "4"]
[White "Aravindh, Chithambaram VR"]
[Black "Dubov, Daniil"]
[Result "0-1"]
[WhiteElo "2601"]
[BlackElo "2703"]
[PlyCount "60"]
[EventDate "2019.02.20"]

1. e4 c5 2. Nf3 Nc6 3. Nc3 g6 4. d4 cxd4 5. Nxd4 Bg7 6. Be3 Nf6 7. Bc4 O-O 8.
Bb3 Re8 9. f3 d5 10. exd5 Nb4 11. Nde2 e6 12. Qd2 Nbxd5 13. O-O-O Bd7 14. Nxd5
exd5 15. Nc3 a5 16. a4 b5 17. Nxd5 bxa4 18. Bb6 axb3 19. Bxd8 Raxd8 20. Nxf6+
Bxf6 21. Rhe1 bxc2 22. Rxe8+ Rxe8 23. Re1 Rc8 24. g4 Be6 25. Qd6 Kg7 26. h3 Bb3
27. g5 Bxg5+ 28. f4 Bf6 29. Qb6 a4 30. Re5 Rd8 0-1

[Event "Aeroflot Open A 2019"]
[Site "Moscow RUS"]
[Date "2019.02.23"]
[Round "4"]
[White "Svane, Rasmus"]
[Black "Mamedov, Rauf"]
[Result "1/2-1/2"]
[WhiteElo "2599"]
[BlackElo "2703"]
[PlyCount "52"]
[EventDate "2019.02.20"]

1. d4 d5 2. c4 e6 3. Nc3 c5 4. cxd5 exd5 5. Nf3 Nc6 6. dxc5 d4 7. Na4 Bxc5 8.
Nxc5 Qa5+ 9. Bd2 Qxc5 10. Rc1 Qb6 11. e3 Nf6 12. Bc4 dxe3 13. Bxe3 Qb4+ 14. Bd2
Qe7+ 15. Qe2 Qxe2+ 16. Kxe2 Be6 17. Bxe6 fxe6 18. Rc4 O-O 19. Rhc1 Rad8 20. Be3
Nd5 21. Ng5 Rf6 22. Ne4 Rf5 23. Nc5 Nxe3 24. Kxe3 Ne5 25. Re4 Rc8 26. Rc3 Ng4+
1/2-1/2

[Event "Aeroflot Open A 2019"]
[Site "Moscow RUS"]
[Date "2019.02.23"]
[Round "4"]
[White "Kovalev, Vladislav"]
[Black "Aditya, Mittal"]
[Result "1-0"]
[WhiteElo "2703"]
[BlackElo "2454"]
[PlyCount "85"]
[EventDate "2019.02.20"]

1. e4 c5 2. Nf3 d6 3. d4 cxd4 4. Qxd4 Nc6 5. Bb5 Bd7 6. Qd3 Nb4 7. Bxd7+ Qxd7
8. Qb3 Nc6 9. Nc3 e6 10. O-O Be7 11. Rd1 Rd8 12. Bf4 Qc7 13. Nb5 Qb8 14. Qd3 e5
15. Bg5 a6 16. Bxe7 Kxe7 17. Nc3 Nf6 18. Rd2 g6 19. Rad1 Kf8 20. Qe3 Kg7 21.
Nh4 h6 22. Nd5 Nxd5 23. Rxd5 Rd7 24. Nf3 Rhd8 25. c3 Qc7 26. h4 Ne7 27. R5d3 f6
28. h5 g5 29. Nh2 d5 30. Ng4 dxe4 31. Qxe4 Rxd3 32. Rxd3 Rd7 33. Rxd7 Qxd7 34.
Qh7+ Kxh7 35. Nxf6+ Kg7 36. Nxd7 Nd5 37. Nc5 Nf4 38. Nxb7 Nd3 39. b4 Nc1 40. a4
Ne2+ 41. Kf1 Nxc3 42. Nc5 Kf6 43. Ke1 1-0